Statistics Portugal (Record no. 120956)

MARC details
000 -LEADER
fixed length control field 00670cai a22001935a 4500
001 - CONTROL NUMBER
control field L155076
008 - FIXED-LENGTH DATA ELEMENTS--GENERAL INFORMATION
fixed length control field 120228u2011 pl g 000 0 eng d
035 ## - SYSTEM CONTROL NUMBER
System control number (Sirsi) u155076
041 0# - LANGUAGE CODE
Language code of text/sound track or separate title eng
110 2# - MAIN ENTRY--CORPORATE NAME
Corporate name or jurisdiction name as entry element Instituto Nacional de Estatistica
245 00 - TITLE STATEMENT
Title Statistics Portugal
Medium [electronic resource]
520 ## - SUMMARY, ETC.
Summary, etc. Building and housing statistics for Portugal.
590 ## - LOCAL NOTE (RLIN)
Local note KA
650 24 - SUBJECT ADDED ENTRY--TOPICAL TERM
Topical term or geographic name entry element BUILDING COST INDEX
651 #4 - SUBJECT ADDED ENTRY--GEOGRAPHIC NAME
Geographic name Portugal
690 ## - LOCAL SUBJECT ADDED ENTRY--TOPICAL TERM (OCLC, RLIN)
Topical term or geographic name as entry element Cost management
9 (RLIN) 6233
856 40 - ELECTRONIC LOCATION AND ACCESS
Uniform Resource Identifier <a href="https://www.ine.pt/xportal/xmain?xpid=INE&xpgid=ine_publicacoes&PUBLICACOESpub_boui=123674788&PUBLICACOEStema=5414344&PUBLICACOESmodo=2">https://www.ine.pt/xportal/xmain?xpid=INE&xpgid=ine_publicacoes&PUBLICACOESpub_boui=123674788&PUBLICACOEStema=5414344&PUBLICACOESmodo=2</a>
Public note View the site at www.ine.pt
942 ## - ADDED ENTRY ELEMENTS (KOHA)
Suppress in OPAC 0
Holdings
Withdrawn status Lost status Source of classification or shelving scheme Damaged status Not for loan Home library Current library Shelving location Date acquired Total Checkouts Full call number Barcode Date last seen Copy number Price effective from Koha item type
    Dewey Decimal Classification     Virtual Virtual Online 28/02/2012   WEB-SITE 155076-2001 06/08/2019 1 06/08/2019 Online material